ORGANIZACION Y SINDICALISMO (Registro nro. 58324)
[ vista simple ]
| 000 -LEADER | |
|---|---|
| fixed length control field | 01100nam a2200193 a 4500 |
| 001 - CONTROL NUMBER | |
| control field | 58324 |
| 005 - DATE AND TIME OF LATEST TRANSACTION | |
| control field | 20180714054908.0 |
| 008 - FIXED-LENGTH DATA ELEMENTS--GENERAL INFORMATION | |
| fixed length control field | 140415s1985 mx 000 0 spa d |
| 020 ## - INTERNATIONAL STANDARD BOOK NUMBER | |
| International Standard Book Number | 9682313074 |
| 041 ## - LANGUAGE CODE | |
| Language code of text/sound track or separate title | spa |
| 082 ## - DEWEY DECIMAL CLASSIFICATION NUMBER | |
| Classification number | 305.5620972 |
| Item number | OBR |
| 245 00 - TITLE STATEMENT | |
| Title | ORGANIZACION Y SINDICALISMO |
| 250 ## - EDITION STATEMENT | |
| Edition statement | 1a ed. |
| 260 ## - PUBLICATION, DISTRIBUTION, ETC. | |
| Place of publication, distribution, etc. | MEXICO : |
| Name of publisher, distributor, etc. | SIGLO XXI EDITORES, |
| Date of publication, distribution, etc. | 1985 |
| 300 ## - PHYSICAL DESCRIPTION | |
| Extent | 386 |
| Dimensions | 10.5 x 1 x 18 |
| 520 ## - SUMMARY, ETC. | |
| Summary, etc. | LA COLECCION EL OBRERO MEXICANO CONSTITUYE UNO DE LOS ESFUERZOS MAS NOTABLES DE LOS INVESTIGADORES DE ASUNTOS LABORALES PARA SISTEMATIZAR , PROFUNDIZAR Y ACLARAR UNA INFORMACION A MENUDO DISPERSA Y QUE CON FRECUENCIA SOLO SE ENCUENTRA EN OBRAS ALTAMENTE ESPECIALIZADAS . EN ESTE SENTIDO , LA OBRA NO SOLO SERA DE INTERES PARA QUIENES DIRECTAMENTE SE PREOCUPAN DE LOS PROBLEMAS OBREROS EN MEXICO, SINO PARA TODOS LOS ESTUDIOSOS DE LOS PROBLEMAS NACIONALES. |
| 650 14 - SUBJECT ADDED ENTRY--TOPICAL TERM | |
| Topical term or geographic name entry element | SINDICALISMO |
| General subdivision | MEXICO |
| -- | SOCIOLOGIA LABORAL |
| -- | MOVIMIENTOS OBREROS INDEPENDIENTE REVOLUCIONARIO |
| 700 1# - ADDED ENTRY--PERSONAL NAME | |
| Personal name | LEAL, JUAN FELIPE -REYNA MUÑOZ, MANUEL -AGUILAR GARCIA, JAVIER -GIMENEZ CACHO LUIS E. |
| Relator term | coaut. |
| Withdrawn status | Lost status | Source of classification or shelving scheme | Damaged status | Not for loan | Collection code | Home library | Current library | Shelving location | Date acquired | Source of acquisition | Inventory number | Total Checkouts | Full call number | Barcode | Date last seen | Price effective from | Koha item type |
|---|---|---|---|---|---|---|---|---|---|---|---|---|---|---|---|---|---|
| Dewey Decimal Classification | General | Biblioteca Karol Wojtyla | Biblioteca Karol Wojtyla | Sala general | 03/12/2013 | Compra | 151000000000000000053603 | 305.5620972 OBR | 87916 | 05/01/2026 | 03/12/2013 | Libro |